000 00323nam a2200145Ia 4500
008 221030s9999 xx 000 0 und d
041 _aEnglish
082 _a105.23
100 _aS. Haykin
245 0 _aSignals & Systems
_cby S. Haykin, B. Vanveen
260 _c0
650 _aB
700 _aB. Vanveen
942 _cBK
999 _c11806
_d11806